000 00572nam a2200181Ia 4500
008 151018s9999 xx 000 0 und d
082 _bRBASDV60618
_a891.463
100 _aप्रतिभा साठम
245 _aहिरवा खण
250 _b1
260 _b"निखील प्रकाशन, कोल्हापूर"
_c2011
300 _a176
600 _aप्रतिभा साठम
630 _aहिरवा खण
700 _aप्रतिभा साठम
730 _aहिरवा खण
942 _cBOOK
999 _c1054122
_d1054119